Statistiche per Elenca la formazione - Quiz n°278

Clicka qui per fare il quiz!

Statistiche generali

  • Questo quiz è stato fatto 7 volte
  • Il punteggio medio è 9 su 11

Statistiche sulle risposte

RuoloClub dell'epocaCalciatore% Corretto
PortiereTottenhamHugo Lloris
100%
AttaccanteReal MadridKarim Benzema
100%
AttaccanteParis Saint-GermainKylian Mbappé
100%
CentrocampistaJuventusAdrien Rabiot
86%
TrequartistaBarcellonaAntoine Griezmann
86%
CentrocampistaChelseaN'Golo Kanté
86%
CentrocampistaManchester UnitedPaul Pogba
86%
DifensoreReal MadridRaphaël Varane
86%
DifensoreParis Saint-GermainPresnel Kimpembe
71%
DifensoreBarcellonaClément Lenglet
43%
CentrocampistaBayern MonacoBenjamin Pavard
14%

Distribuzione punteggi

Percentile per numero di risposta

Percentuale di utenti per punteggio

I tuoi punteggi nel tempo

Non hai fatto questo quiz